000
00319nam a22001337a 4500
008
170615b xxu||||| |||| 00| 0 eng d
020
_a
9780789493545
041
_a
eng
080
_a
32
100
_a
19
101
_a
shp
245
_a
THE BOOK OF RULE HOW THE WORLD IS GOVERNED
_c
WAGNER.J
942
_2
udc
_c
BK
999
_c
17571
_d
17571